000 01190cab a22001935a 4500
001 L152167
008 110207s2011 xxk 000 0 eng d
035 _a(Sirsi) u152167
041 0 _aeng
100 1 _aPatterson, Alan S.
245 0 0 _aGetting an investment perspective in a crisis
260 _c2011
490 _aSustainablebuilding inc Propertyforecast
_v(49) January 2011, 13-15(3)
520 _aExamines how the European property markets are dealing with the financial crises besetting European countries and looks to the future. Interest rates are not expected to rise in the UK or the Eurozone until the second quarter of 2012. Only at the prime end of the market which is not fairly valued are current property yields receiving any protection. Prime property yields will only rise slowly and getting the timing right for switching from prime to more risky property yields will be a key determinant of performance over the next two years. Investors will have to get more analytical and cease thinking in basic stock selection terms.
590 _aKA
651 4 _aEurope
690 _aPROPERTY-COMMERCIAL PROPERTY-COMMERCIAL PROPERTY FINANCE AND INVESTMENT
942 _n0
999 _c82896
_d82896